• 首页
  • 本馆介绍
  • 公告通知
  • 最新文献
  • 馆藏检索
  • 电子资源
  • 读者导购
  • 参考咨询
  • 我的图书馆
  • 登录
  • 详细信息显示
  • 放入我的书架
  • 预约/预借图书
  • 作者相关作品
  • 分类相关作品
  • 丛书相关作品
  • 出版社相关作品

书目信息

  • 表格格式
  • 工作单格式
  • 卡片格式
题名:
海州常山资源汇集与评价
    
 
作者: 王华田 著
分册:  
出版信息: 北京   中国林业出版社  2015
页数: 105页
开本: 23cm
丛书名:
单 册:
中图分类: Q949.72 , Q949.777.5
科图分类:
主题词: 马鞭草科--ma bian cao ke--研究
电子资源:
ISBN: 978-7-5038-7846-6
000 00935nam0 2200253 450
001 1636602906
005 20161227164220.89
010    @a978-7-5038-7846-6@dCNY30.00
100    @a20150508d2015 em y0chiy50 ea
101 0  @achi
102    @aCN@b110000
105    @aabk a 000yy
106    @ar
200 1  @a海州常山资源汇集与评价@Ahai zhou chang shan zi yuan hui ji yu ping jia@f王华田 ... [等] 著
210    @a北京@c中国林业出版社@d2015
215    @a105页@c图, 地图@d23cm
320    @a有书目 (第99-105页)
330    @a本书为植物研究专著, 书中分析评价了海州常山的种内遗传多样性, 研究探讨了不同种源海州常山的生物学特性、抗逆生态生理特性、苗木繁育技术、良种选育、干旱瘠薄荒山造林、城市园林绿地栽植、生物质能特性和制浆特性。
606 0  @a马鞭草科@Ama bian cao ke@x研究
690    @aQ949.72@v5
690    @aQ949.777.5@v4
701  0 @a王华田@Awang hua tian@4著
801  0 @aCN@b人天书店@c20150508
905    @aMUSE@dQ949.777.5@e1
    
    海州常山资源汇集与评价/王华田 ... [等] 著.-北京:中国林业出版社,2015
    105页:图, 地图;23cm
    
    
    ISBN 978-7-5038-7846-6:CNY30.00
    本书为植物研究专著, 书中分析评价了海州常山的种内遗传多样性, 研究探讨了不同种源海州常山的生物学特性、抗逆生态生理特性、苗木繁育技术、良种选育、干旱瘠薄荒山造林、城市园林绿地栽植、生物质能特性和制浆特性。
●
相关链接 在五车中查询图书 在当当中查询图书 在豆瓣中查询图书


正题名:海州常山资源汇集与评价     索取号:Q949.777.5/1         预约/预借

序号 登录号 条形码 馆藏地/架位号 状态 备注
1 818624   2000818624   第二书库/ [索取号:Q949.777.5/1] 在馆    
2 818625   2000818625   第二书库/ [索取号:Q949.777.5/1] 在馆    
3 818626   2000818626   第二书库/ [索取号:Q949.777.5/1] 在馆    
山东省滨州职业学院图书馆 欢迎您!
大连网信软件有限公司© 版权所有